|
|
|
|
| LEADER |
02329nam a22003977a 4500 |
| 001 |
35854 |
| 003 |
BD-DhAAL |
| 005 |
20211129112302.0 |
| 008 |
190917t2017 maua 001 0 eng d |
| 999 |
|
|
|c 41272
|d 41272
|
| 010 |
|
|
|a 2012041763
|
| 020 |
|
|
|a 1292153989
|
| 020 |
|
|
|a 9781292153988
|
| 040 |
|
|
|a BD-DhAAL
|
| 082 |
0 |
0 |
|a 332.6
|2 23
|
| 100 |
|
|
|a Smart, Scott B.
|9 34710
|
| 245 |
1 |
0 |
|a Fundamentals of investing /
|c Scott B. Smart, Indiana University, Lawrence J. Gitman, CFP, San Diego State University, Michael D. Joehnk, CFA, Arizona State University.
|
| 250 |
|
|
|a Thirteenth Edition.
|
| 260 |
|
|
|a Boston :
|b Pearson,
|c c2017
|
| 300 |
|
|
|a 655 pages :
|b color illustrations ;
|c 26 cm.
|
| 490 |
0 |
|
|a Pearson series in finance
|
| 500 |
|
|
|a Includes index.
|
| 505 |
0 |
|
|a Preparing to invest -- The investment environment -- Securities markets and transactions -- Investment information and securities transactions -- Important conceptual tools -- Return and risk -- 4A the time value of money -- Modern portfolio concepts -- Investing in common stocks -- Common stocks -- Analyzing common stocks -- Stock valuation -- Market efficiency and behavioral finance -- Investing in fixed-income securities -- Fixed-income securities -- Bond valuation -- Portfolio management -- Mutual funds and exchange-traded funds -- Managing your own portfolio -- Derivative securities -- Options : puts and calls -- Commodities and financial futures -- Glossary -- Index -- Credits.
|
| 526 |
|
|
|a BBS
|
| 541 |
|
|
|a STS International
|e 35854, 35855
|
| 650 |
|
0 |
|a Investments.
|9 34711
|
| 650 |
|
0 |
|a Portfolio management.
|9 34712
|
| 650 |
|
0 |
|a Investments
|v Problems, exercises, etc.
|9 34713
|
| 650 |
|
0 |
|a Business.
|9 34716
|
| 650 |
|
0 |
|a Business & finance.
|9 43356
|
| 700 |
1 |
|
|a Gitman, Lawrence J.
|9 34714
|
| 700 |
1 |
|
|a Joehnk, Michael D.
|9 34715
|
| 852 |
|
|
|a Ayesha Abed Library
|c General Stacks
|
| 942 |
|
|
|2 ddc
|c BK
|
| 952 |
|
|
|0 0
|1 0
|2 ddc
|4 0
|6 332_600000000000000_SMA
|7 0
|9 66332
|a BRACUL
|b BRACUL
|c GEN
|d 2019-09-16
|e STS International
|g 4860.00
|l 1
|m 8
|o 332.6 SMA
|p 3010035854
|q 2025-11-06
|r 2020-01-14
|s 2020-01-14
|t 1
|v 4860.00
|w 2019-09-16
|y BK
|
| 952 |
|
|
|0 0
|1 0
|2 ddc
|4 0
|6 332_600000000000000_SMA
|7 0
|9 66333
|a BRACUL
|b BRACUL
|c GEN
|d 2019-09-16
|e STS International
|g 4860.00
|l 7
|m 31
|o 332.6 SMA
|p 3010035855
|r 2026-04-08
|s 2026-04-01
|t 2
|v 4860.00
|w 2019-09-16
|y BK
|